000 00368nam a2200157Ia 4500
008 230917s9999||||xx |||||||||||||| ||und||
020 _cRS245
040 _e19662
_aMAIN
041 _aEnglish
082 _a-1BP 29.
100 _ar pharmacySmith, Blai
245 0 _ag Nuclea
260 _ane Tem
_bplarLondonPharmaceut
_cical
300 _aPress2 p.
942 _cBK
999 _c66310
_d66310